| 000 | 01120nam0a22003131 4500 | ||
|---|---|---|---|
| 001 | rc\3906426 | ||
| 005 | 20130415104958.0 | ||
| 021 |
_aRU _b[56-65706] |
||
| 035 | _a(NLR Aleph) 008016603 | ||
| 090 |
_a8734122 _c8734122 |
||
| 100 | _a20130415d1956 |||y0rusy50 ca | ||
| 101 | 0 | _arus | |
| 102 | _aRU | ||
| 105 | _aa z ||||| | ||
| 200 | 1 |
_aРабота Новоржевского льнозавода _fМ-во легкой пром-сти СССР. Техн. упр. Бюро техн. информации |
|
| 210 |
_a[Москва _cБ. и. _d1956] |
||
| 215 |
_a8 с. _cчерт. _d20 |
||
| 225 | 1 | _aОбмен передовым опытом | |
| 300 | _aСост. указаны в конце текста | ||
| 300 | _aБез тит. л. и обл. | ||
| 606 |
_aЛен _xПервичная обработка _2psbo |
||
| 606 |
_aЛьнозаводы _xСырьевая база _2psbo |
||
| 700 | 1 |
_aАбловацкая _bВ. С. _4220 |
|
| 701 | 1 |
_aСтепанов _bА. С. _4220 |
|
| 801 | 0 |
_aRU _bNLR _gpsbo |
|
| 801 | 1 |
_aRU _bELAR _2rusmarc |
|
| 852 |
_aNLR _jТ56 Г-4/1207 |
||
| 942 | _cBOOK | ||
| 980 | _aNB | ||